<?xml version="1.0" encoding="UTF-8"?>
<marc:record xmlns:marc="http://www.loc.gov/MARC21/slim">
   <marc:leader>00000nam a2200000 a 4500</marc:leader>
   <marc:datafield ind1="0" ind2="0" tag="245">
      <marc:subfield code="a">Frozen II - Helft Olaf !</marc:subfield>
   </marc:datafield>
   <marc:datafield ind1="0" ind2="0" tag="245">
      <marc:subfield code="b">5 -99 Jahre, 2 -4 Spieler</marc:subfield>
   </marc:datafield>
   <marc:datafield ind1=" " ind2="1" tag="264">
      <marc:subfield code="a">Würenlos</marc:subfield>
      <marc:subfield code="b">Ravensburger</marc:subfield>
      <marc:subfield code="c">2019</marc:subfield>
   </marc:datafield>
   <marc:datafield ind1="1" ind2=" " tag="520">
      <marc:subfield code="a">Der Wind hat Olaf auseinandergepustet! Aber seine Freunde machen sich auf die Suche nach seinen Teilen, um ihn wieder zusammenzubauen. Mit etwas Glück und einem guten Gedächtnis könnt ihr die Freunde dabei unterstützen! Ein spannendes Merk- und Wettlaufspiel für 2-4 Kinder. Ab 5 Jahren.</marc:subfield>
   </marc:datafield>
   <marc:datafield ind1="3" ind2=" " tag="024">
      <marc:subfield code="a">4005556205288</marc:subfield>
   </marc:datafield>
</marc:record>
